Memorias de la Real Academia de Ciencias Morales y Políticas (Record no. 172582)

MARC details
000 -LEADER
campo de control de longitud fija 01165nas a2200241 i 4500
001 - NÚMERO DE CONTROL
campo de control 172582
003 - IDENTIFICADOR DE NÚMERO DE CONTROL
campo de control ES-MaACL
005 - FECHA Y HORA DE LA ÚLTIMA TRANSACCIÓN
campo de control 20251003181046.0
007 - CAMPO FIJO DE DESCRIPCIÓN FÍSICA--INFORMACIÓN GENERAL
campo de control de longitud fija t|
008 - DATOS DE LONGITUD FIJA--INFORMACIÓN GENERAL
campo de control de longitud fija 090722c1875 sp a| | 1 ||pa d
080 ## - NÚMERO DE LA CLASIFICACIÓN DECIMAL UNIVERSAL
Número de la Clasificación Decimal Universal 3 : 061.12(460)
110 2# - ENTRADA PRINCIPAL--NOMBRE DE ENTIDAD CORPORATIVA
Nombre de entidad corporativa o nombre de jurisdicción como elemento de entrada Real Academia de Ciencias Morales y Políticas (España)
9 (RLIN) 222050
245 10 - MENCIÓN DEL TÍTULO
Título Memorias de la Real Academia de Ciencias Morales y Políticas
Fechas predominantes 1875.
260 ## - PUBLICACIÓN, DISTRIBUCIÓN, ETC.
Lugar de publicación, distribución, etc. Madrid :
Nombre del editor, distribuidor, etc. [s. n.],
Fecha de publicación, distribución, etc. 1875 (
Fabricante Imprenta de Fermín Martínez García)
300 ## - DESCRIPCIÓN FÍSICA
Extensión 1 v. ;
Dimensiones 26 cm.
505 80 - NOTA DE CONTENIDO CON FORMATO
Nota de contenido con formato Contiene: T. III: Noticia histórica de la Academia, leída el 29 de junio de 1871 / Pedro Gómez de la Serna (20 p.). Del derecho del estado para castigar / Fernando Calderón Collantes (p. 21-48). De la gracia de indulto / Santiago Diego Madrazo (p. 49-174). Estudios sobre filosofía del derecho / Manuel Alonso Martínez (p. 175-943).
700 1# - ENTRADA AGREGADA--NOMBRE PERSONAL
Nombre de persona Gómez de la Serna, Pedro.
9 (RLIN) 57900
700 1# - ENTRADA AGREGADA--NOMBRE PERSONAL
Nombre de persona Madrazo, Santiago Diego.
9 (RLIN) 75341
700 1# - ENTRADA AGREGADA--NOMBRE PERSONAL
Nombre de persona Alonso Martínez, Manuel,
Fechas asociadas al nombre 1827-1891
9 (RLIN) 20356
700 0# - ENTRADA AGREGADA--NOMBRE PERSONAL
Nombre de persona Calderón y Collantes, Fernando,
Títulos y otros términos asociados al nombre Marqués de Reinosa
9 (RLIN) 33632
852 ## - LOCALIZACIÓN
Ubicación ES-MaACL
Número de control de estantería K-173
Holdings
Estatus retirado Estado de pérdida Estado de daño No para préstamo Colección Biblioteca de origen Biblioteca actual Ubicación en estantería Fecha de adquisición Total de préstamos Signatura topográfica completa Código de barras Visto por última vez Precio de reemplazo Tipo de ítem Koha
        Periódicos y Revistas Biblioteca del Ateneo de Madrid Biblioteca del Ateneo de Madrid Administración 22/07/2009   K-173 1181111 23/02/2023 23/02/2023 Revista